000 00300nam a2200109Ia 4500
008 200302s9999 xx 000 0 und d
100 _aLuciana Parisi
245 _aContagious Architecture Compitation Athetics and space
260 _bMIT press cambridge massachusetts
260 _c2013
300 _a370
999 _c5302
_d5302